| 000 | 00680nam a22002057a 4500 | ||
|---|---|---|---|
| 999 |
_c5001 _d5001 |
||
| 003 | AR-CdUCM | ||
| 008 | 190311b ||||| |||| 00| 0 spa d | ||
| 040 |
_aMUNICIPALIDAD PROVINCIAL DEL CUSCO _cBIBLIOTECA MUNICIPAL DEL CUSCO |
||
| 041 | _hfr | ||
| 082 |
_a869.995 / _bL25 |
||
| 100 |
_aLaraque, Paul _915299 |
||
| 245 | _aLes armes quotidiennes. Poesie quotidienne / | ||
| 260 |
_aLa Habana : _bCasa de las américas, _c1979. |
||
| 300 |
_a80 páginas ; _c19 cm. |
||
| 500 | _aDonación familia Nieto 77 páginas Poesie quotidienne. Premio Casa de las Américas 1979. | ||
| 650 |
_aPoesías haitianas _915300 |
||
| 650 |
_aSiglo XX _98 |
||
| 942 |
_2ddc _cLIBROS |
||
| 945 | _aafb | ||